00556nam a2200157 a 450000100100000000500170001000800410002704000250006811000810009324500360017426000370021030000200024704900090026795201050027699900170038100003086720200930062546.0110602s1991 dr 000 0 spa d aDO-SdBNPbspacBNPHU1 aSecretaría de Estado de Deportes, Educación Física y Recreativa95740010aReglas internacionales de judo. aSanto Domingo :bSEDEFIR,c1991. a60 p. ;c21 cm. aBNPD 0010718PDaPDbPDcCTd2011-06-02iLF1l0o p30867-10r2020-06-25w2020-06-25yLFPDZNo se presta c30359d30359